Birds of the Horn of Africa : (Record no. 22089)

MARC details
000 -LEADER
fixed length control field 01692cam a22003854a 4500
001 - CONTROL NUMBER
control field 15600725
003 - CONTROL NUMBER IDENTIFIER
control field OSt
005 - DATE AND TIME OF LATEST TRANSACTION
control field 20211209145357.0
008 - FIXED-LENGTH DATA ELEMENTS--GENERAL INFORMATION
fixed length control field 090127s2009 njuab b 001 0 eng c
010 ## - LIBRARY OF CONGRESS CONTROL NUMBER
LC control number 2009921681
020 ## - INTERNATIONAL STANDARD BOOK NUMBER
International Standard Book Number 9780691143453 (softcover)
020 ## - INTERNATIONAL STANDARD BOOK NUMBER
International Standard Book Number 0691143455 (softcover)
035 ## - SYSTEM CONTROL NUMBER
System control number (OCoLC)ocn320801703
040 ## - CATALOGING SOURCE
Original cataloging agency BTCTA
Transcribing agency HU
Modifying agency PUL
-- BWX
-- SDB
-- YDXCP
-- IQU
-- DLC
042 ## - AUTHENTICATION CODE
Authentication code pcc
043 ## - GEOGRAPHIC AREA CODE
Geographic area code fh-----
050 00 - LIBRARY OF CONGRESS CALL NUMBER
Classification number QL692.H5
Item number R43 2009b
082 00 - DEWEY DECIMAL CLASSIFICATION NUMBER
Classification number 598.0963
Edition number 22
100 1# - MAIN ENTRY--PERSONAL NAME
Personal name Redman, Nigel.
9 (RLIN) 20171
245 10 - TITLE STATEMENT
Title Birds of the Horn of Africa :
Remainder of title Ethiopia, Eritrea, Djibouti, Somalia, and Socotra /
Statement of responsibility, etc. Nigel Redman, Terry Stevenson and John Fanshawe ; with contributions from Nik Borrow and Brian Finch ; illustrated by John Gale and Brian Small.
260 ## - PUBLICATION, DISTRIBUTION, ETC.
Place of publication, distribution, etc. Princeton, N.J. :
Name of publisher, distributor, etc. Princeton University Press,
Date of publication, distribution, etc. c2009.
300 ## - PHYSICAL DESCRIPTION
Extent 496 p. :
Other physical details ill. (chiefly col.), col. maps ;
Dimensions 22 cm.
490 1# - SERIES STATEMENT
Series statement Princeton field guides
500 ## - GENERAL NOTE
General note "Published in the United Kingdom and European Union in 2009 by Christopher Helm"--T.p. verso.
504 ## - BIBLIOGRAPHY, ETC. NOTE
Bibliography, etc. note Includes bibliographical references (p. 477-478) and indexes.
650 #0 - SUBJECT ADDED ENTRY--TOPICAL TERM
Topical term or geographic name entry element Birds
Geographic subdivision Horn of Africa
Form subdivision Identification.
9 (RLIN) 20173
650 #0 - SUBJECT ADDED ENTRY--TOPICAL TERM
Topical term or geographic name entry element Birds
Geographic subdivision Horn of Africa
Form subdivision Pictorial works.
9 (RLIN) 20174
650 #0 - SUBJECT ADDED ENTRY--TOPICAL TERM
Topical term or geographic name entry element Birds
Geographic subdivision Horn of Africa
General subdivision Geographical distribution.
9 (RLIN) 20175
700 1# - ADDED ENTRY--PERSONAL NAME
Personal name Stevenson, Terry.
9 (RLIN) 20176
700 1# - ADDED ENTRY--PERSONAL NAME
Personal name Fanshawe, John.
9 (RLIN) 20177
830 #0 - SERIES ADDED ENTRY--UNIFORM TITLE
Uniform title Princeton field guides.
9 (RLIN) 20172
906 ## - LOCAL DATA ELEMENT F, LDF (RLIN)
a 7
b cbc
c pccadap
d 2
e epcn
f 20
g y-gencatlg
942 ## - ADDED ENTRY ELEMENTS (KOHA)
Source of classification or shelving scheme Dewey Decimal Classification
Koha item type Books like text book referance book
Suppress in OPAC No
Holdings
Withdrawn status Lost status Source of classification or shelving scheme Damaged status Not for loan Collection code Home library Current library Shelving location Date acquired Total Checkouts Full call number Barcode Date last seen Copy number Price effective from Koha item type
    Dewey Decimal Classification     Reference Wondo Genet Library Wondo Genet Library General Stacks 12/09/2021   598.0963 RED 2009 WGCFNRL00009233 12/09/2021 1 12/09/2021 Books like text book referance book
    Dewey Decimal Classification     Reference Wondo Genet Library Wondo Genet Library General Stacks 12/09/2021   598.0963 RED 2009 WGCFNRL00009234 12/09/2021 2 12/09/2021 Books like text book referance book
    Dewey Decimal Classification     Reference Wondo Genet Library Wondo Genet Library General Stacks 12/09/2021   598.0963 RED 2009 WGCFNRL00009235 12/09/2021 3 12/09/2021 Books like text book referance book